00217nam a2200097Ia 4500008004100000041000800041082001500049100001900064245002700083260000900110240625s9999 xx 000 0 und d aeng a332.63 PIN aPINTO JERALD E aEQUITY ASSET VALUATION c2014